[Event "Madrid-ch sf-B"]
[Site "Madrid"]
[Date "2008.01.25"]
[Round "6"]
[White "Canas Munoz, Oscar"]
[Black "Ortega Sanchez, Ainhoa"]
[Result "1/2-1/2"]
[WhiteElo "1868"]
[BlackElo "1813"]
[PlyCount "65"]
[EventDate "2008.01.10"]
[EventType "swiss"]
[EventRounds "9"]
[EventCountry "ESP"]
[SourceTitle "EXT 2010"]
[Source "ChessBase"]
[SourceDate "2010.11.25"]
[SourceVersion "1"]
[SourceVersionDate "2010.11.25"]
[SourceQuality "1"]

1. e4 c6 2. d4 d5 3. Bd3 dxe4 4. Bxe4 Nf6 5. Nc3 Nxe4 6. Nxe4 Bf5 7. Ng3 Bg6 8. Nf3 Nd7 9. 0-0 e6 10. Bf4 Be7 11. c3 Nf6 12. Qb3 Qb6 13. Qxb6 axb6 14. Bc7 Nd5 15. Be5 0-0 16. Ne2 b5 17. Nf4 Nxf4 18. Bxf4 h6 19. a3 Rac8 20. Rfe1 Rfd8 21. Rad1 Bf8 22. Be3 Rd5 23. Ne5 Bh7 24. Nd3 Bxd3 25. Rxd3 c5 26. Red1 Rcd8 27. R3d2 b6 28. dxc5 bxc5 29. Kf1 Rxd2 30. Rxd2 Rxd2 31. Bxd2 Bd6 32. h3 Kf8 33. Ke2 1/2-1/2